Celebrity Siblings - Statistics

General Stats
  • This quiz has been taken 105 times
  • The average score is 14 of 18
Answer Stats
# Hint Characteristics First Names % Correct
2 Affleck Siblings Actors Casey/Ben
91%
3 Homer and Marge Simpson's Kids Cartoon Bart/Lisa/Maggie
90%
2 Fonda Siblings Actors Peter/Jane
90%
2 Gyllenhaal Siblings Actors Maggie/Jake
88%
3 Olsen Twins/Sister Actors Mary Kate/Elizabeth/Ashley
88%
3 Jonas Brothers Singers Joe/Kevin/Nick
86%
3 Singing Chipmunk Siblings Cartoon Alvin/Simon/Theodore
85%
6 Kardashian-Jenner Siblings Reality Stars Kim/Kourtney/Khloe/Kendall/Kylie/Rob
85%
2 Adam and Eve's Kids Biblical Cain/Abel
84%
5 Trump Siblings Political Ivanka/Don/Tiffany/Barron/Eric
84%
2 Martin Sheen's Kids Actors Charlie/Emilio
82%
3 Michael Jackson's Kids Various Prince/Paris/Michael
79%
5 Joe and Katherine Jackson's Kids Singers Janet/Michael/Tito/Marlon/Randy/Rebbie/Jackie/La Toya/Jermaine
75%
3 Family Guy Griffin Kids Cartoon Meg/Chris/Stewie
67%
2 Obama Siblings Students Sasha/Malia
66%
16 Zeus' Kids Greek Gods/Demi Gods Aphrodite / Apollo / Ares / Artemis / Athena / Dionysus / Hebe / Helen of Troy / Hephaestus / Heracles / Hermes / Minos / Persephone / Perseus / The Graces / The Muses
63%
6 Jolie-Pitt Siblings Students Maddox/Pax/Shiloh/Vivienne/Zahara/Knox
62%
6 Brady Bunch Siblings Fictional Greg/Bobby/Peter/Jan/Marsha/Cindy
60%
No matching quizzes found
Score Distribution
Percent of People with Each Score
Percentile by Number Answered
Your Score History
You have not taken this quiz